000 00939cam a2200265 a 4500
001 000014697
005 20200929163904.0
008 810115s1980 mx 000 0 spa
020 _a9682305659
035 _a(DLC) 80121862
040 _aDO-SdBNP
_bspa
_cBNPHU
_dDLC
082 _a305.437291
_bS463m
100 1 _aSéjourné, Laurette,
_d1911-2003.
_933321
245 1 3 _aLa mujer cubana en el quehacer de la historia /
_cLaurette Séjourné.
260 _aMéxico :
_bSiglo Veintiuno,
_c1980.
300 _axi, 413 p. ;
_c23 cm.
490 1 _aAmérica nuestra
_v26
_aCaminos de liberación.
500 _a"Código de familia": p. 381-408.
650 4 _aMujeres y socialismo
_zCuba
_933322
650 4 _aMujeres
_xCondiciones sociales
_zCuba
_931820
710 1 2 _aCuba.
_tCodigo de familia.
_f1980.
_933323
830 0 _aAmérica nuestra ;
_v26,
_pCaminos de liberación.
_916974
910 _aCatalogación por copia / LC
049 _aBNGR
999 _c14280
_d14280